Code pénal : Nouveau code pénal; Ancien code pénal

Đã lưu trong:
Sonraí Bibleagrafaíochta
Príomhúdar: Mayaud, Yves
Formáid: Leabhar
Teanga:Undetermined
Foilsithe: Paris Dalloz 2002
Ábhair:
Clibeanna: Cuir Clib Leis
Gan Chlibeanna, Bí ar an gcéad duine leis an taifead seo a chlibeáil!
Thư viện lưu trữ: Trung tâm Học liệu Trường Đại học Cần Thơ
LEADER 00513nam a2200205Ia 4500
001 CTU_73008
008 210402s9999 xx 000 0 und d
082 |a 345.44 
082 |b M473 
100 |a Mayaud, Yves 
245 0 |a Code pénal : 
245 0 |b Nouveau code pénal; Ancien code pénal 
245 0 |c Yves Mayaud 
260 |a Paris 
260 |b Dalloz 
260 |c 2002 
650 |a Criminal law 
650 |z French 
904 |i Minh 
980 |a Trung tâm Học liệu Trường Đại học Cần Thơ